000 00365 a2200157 4500
001 154594
040 _cEscola São Tomás de Aquino
100 _aCRUZ, Therezinha M. L. da
240 1 0 _adescobrindo novos caminhos 8
_lpor
245 1 0 _adescobrindo novos caminhos 8
300 _a160
362 0 _a2006
440 1 _aFTD
697 _aRELIGIÃO
942 _cBK
999 _c154594
_d154594